Statistics for Remote U.S. State Capitals

Click here to take the quiz!

General Stats

  • This quiz has been taken 37 times
    (15 since last reset)
  • The average score is 8 of 11

Answer Stats

Nearest Major CityDistanceCapital% Correct
Minneapolis383Bismarck
87%
Salt Lake City296Boise
87%
Calgary321Helena
87%
Jacksonville157Tallahassee
87%
San Francisco2395Honolulu
80%
Minneapolis351Pierre
80%
Vancouver773Juneau
73%
Kansas City179Des Moines
67%
Kansas City163Lincoln
67%
Denver285Santa Fe
67%
New Orleans162Jackson
60%

Score Distribution

Percentile by Number Answered

Percent of People with Each Score

Your Score History

You have not taken this quiz since the last reset